Statistics for US city by TV series

Click here to take the quiz!

General Stats

  • This quiz has been taken 70 times
  • The average score is 7 of 15

Answer Stats

HintAnswer% Correct
FriendsNew York City, NY
100%
The People v. O. J. Simpson: American Crime StoryLos Angeles, CA
88%
Grey's AnatomySeattle, WA
78%
House of CardsWashington, D.C.
72%
DexterMiami, FL
63%
Breaking BadAlbuquerque, NM
44%
The Big Bang TheoryPasadena, CA
42%
Two and a Half MenMalibu, CA
39%
The OfficeScranton, PA
38%
The WireBaltimore, MD
34%
Boardwalk EmpireAtlantic City, NJ
27%
The Good DoctorSan Jose, CA
22%
Stranger ThingsHawkins, IN
20%
Parks and RecreationPawnee, IN
16%
House M.D.Princeton, NJ
8%

Score Distribution

Percentile by Number Answered

Percent of People with Each Score

Your Score History

You have not taken this quiz